ბათუმის შოთა რუსთაველის სახელმწიფო უნივერსიტეტის ბიბლიოთეკა

თეიმურაზ პირველი : (ბიბ.ჩანაწერი № 55861)

000 -ლიდერი
ფიქსირებული სიგრძის საკონტროლო ველი 01230nam a2200241Ia 4500
001 - საკონტროლო ნომერი
საკონტროლო ველი 22959
003 - საკონტროლო ნომრის იდენტიფიკატორი
საკონტროლო ველი GE_BSU
005 - ბოლო ოპერაციის თარიღი და დრო
საკონტროლო ველი 20230609122822.0
008 - ფიქსირებული სიგრძის მონაცემთა ელემენტები - ზოგადი ინფორმაცია
ფიქსირებული სიგრძის საკონტროლო ველი 181216s ||||ge |||||||||||||| ||geo||
040 ## - კატალოგიზაციის წყარო
Transcribing agency GE_BSU
041 ## - ენის კოდი
Language code of text/sound track or separate title geo
080 ## - უნივერსალური ათობითი კლასიფიკაციის ინდექსი
Universal Decimal Classification number 821.353.1(092) გ-92
100 ## - მთავარი ჩანაწერი - პიროვნების სახელი
Personal name გუგუშვული, მერი
9 (RLIN) 18586
245 ## - ცნობა სათაურის შესახებ
Title თეიმურაზ პირველი :
Remainder of title შემოქმედებითი პორტრეტი /
Statement of responsibility, etc მერი გუგუშვული ; რედ. ს. ცაიშვილი.
264 ## - წარმოების, გამოცემის, დისტრიბუციის და სხვა ცნობები
გამოცემის, წარმოების, დისტრიბუციის... ადგილი თბილისი :
გამოცემის, წარმოების, დისტრიბუციის... სახელწოდება მეცნიერება,
გამოცემის, წარმოების, დისტრიბუციის... თარიღი 1981.
300 ## - ფიზიკური აღწერა
Extent 179 გვ. ;
Dimensions 22 სმ.
653 ## - INDEX TERM--UNCONTROLLED
Uncontrolled term თეიმურაზ პირველი
653 ## - INDEX TERM--UNCONTROLLED
Uncontrolled term შემოქმედებითი პორტრეტი
700 ## - ADDED ENTRY--PERSONAL NAME
Personal name ცაიშვილი, ს.
Relator term რედაქტორი
9 (RLIN) 5572
710 ## - ADDED ENTRY--CORPORATE NAME
Corporate name or jurisdiction name as entry element საქ. სსრ მეცნიერებათა აკადემია
Subordinate unit შოთა რუსთაველის სახელობის ქართული ლიტერატურის ისტორიის ინსტიტუტი
9 (RLIN) 18587
942 ## - ADDED ENTRY ELEMENTS (KOHA)
Koha item type წიგნი
Source of classification or shelving scheme
ეგზემპლარები
ჩამოწერის სტატუსი დაკარგული ეგზემპლარის სტატუსი კლასიფიკაციის წყარო ან თაროზე გაწყობის სქემა დაზიანების სტატუსი არ გაიცემა მუდმივი მდებარეობა (დაცვის ადგილი) ამჟამინდელი ადგილსამყოფელი თაროზე განთავსების ადგილი შეძენის თარიღი ღირებულება, შესყიდვის ნორმალური ფასი სრული შენახვის შიფრი შტრიხკოდი ბოლო ოპერაციის თარიღი ეგზემპლარის მიმდევრობითი ნომერი (კეტერი?) ფასის ძალაში შესვლის თარიღი ეგზემპლარის სახეობა საჯარო შენიშვნა
          ბათუმის შოთა რუსთაველის სახელმწიფო უნივერსიტეტის მთავარი ბიბლიოთეკა ბათუმის შოთა რუსთაველის სახელმწიფო უნივერსიტეტის მთავარი ბიბლიოთეკა წიგნსაცავი 2018-12-17 2.20 821.353.1(092) გ-92 58375 2018-12-17 58375 2018-12-17 წიგნი 2.20 ₾.